1088 1738 1808 1297 1563 1764 1996 1050 1893 1224 1213 1026 1861 1320 1107 1243 1422 1253 1385 1788 1418 1588 1927 1601 1283 1774 1206 1291 1427 1608 1538 1730 1832 1189 1534 1165 1528 1367 1392 1273 1793 1171 1846 1066 1074 1807 1524 1572 1520 1573 1737 1006 1491 1719 1340 1558 1038 1132 1191 1156 1874 1877 1499 1754 1209 1072 1064 1211 1452 1439 1923 1926 1726 1845 1258 1182 1964 1529 1508 1481 1610 1664 1634 1230 1806 1879 1666 1689 1864 1308 1534 1252 1549 1961 1064 1774 1996 1348 1312 BCNSPRNW ULIB Ver.6.0+V

เปลี่ยนเป็นภาษาไทย

Change to English
 แสดงรายละเอียดบรรณานุกรม
  กลับหน้าหลัก

Brief Record : Get Marc (ISO 2709) : E-mail record : QR code < ปิดหน้าต่าง
LEADER : 00000nam 2200000uu 4500
001    13399110873
003     ULIB
008    110610s2550||||th 000 0 tha d
020    9789746142410
060 04 WS460^bป542ร 2550
100 0  ปาณบดี เอกะจัมปกะ
245 10 รายงานสถานการณ์และแนวโน้มของปัจจัยต่างๆที่มีผลกระทบต่อสุขภาวะเด็กไทย /^cปาณบดี เอกะจัมปกะ
246 31 สถานการณ์และแนวโน้มของปัจจัยต่างๆที่มีผลกระทบต่อสุขภาวะเด็กไทย
250    พิมพ์ครั้งที่ 1
260    นนทบุรี:^bสำนักนโยบายและยุทธศาสตร์ กระทรวงสาธารณสุข,^c2550
300    128 หน้า :^bภาพประกอบ ;^c30 ซม.
650  7 สุขภาพ
650  7 เด็ก^zไทย^xภาวะสังคม
650  7 เด็ก^zไทย^xการสำรวจ
700 0  นิธิศ วัฒนมะโน
710 2  กระทรวงสาธารณสุข. ^bสำนักนโยบายและยุทธศาสตร์
945    ^p0^l0^i027479
995    ทศพร
999 ^a ใช้งานได้ทุกระบบ
รายการนี้ยังไม่มีแท็ก
คุณยังไม่ได้ล็อกอิน คุณสามารถมีกิจกรรมร่วมกับเว็บไซต์ได้ แต่ต้องล็อกอินก่อน ::
  ล็อกอิน

รายการสื่อสารสนเทศ

ลำดับที่ ประเภท เลขเรียก/บาร์โค้ด สถานที่ สถานะ
- ไม่พบข้อมูล -

รายการใกล้เคียง
    ผู้แต่ง [ปาณบดี เอกะจัมปกะ]

    หัวเรื่อง [สุขภาพ]

BibComment


ยังไม่เคยถูกคอมเมนท์

คอมเมนท์ทรัพยากรรายการนี้
  คอมเมนท์: รายงานสถานการณ์แล..


 Copyright 2026. Bcnsprnw @Library